Illustrated dictionary of geography (Record no. 32197)

MARC details
000 -LEADER
fixed length control field 00272nam a2200109Ia 4500
082 ## - DEWEY DECIMAL CLASSIFICATION NUMBER
Classification number 91(038)
Item number BUC
100 ## - MAIN ENTRY--AUTHOR NAME
Personal name Buchanan, R O
245 #0 - TITLE STATEMENT
Title Illustrated dictionary of geography
260 ## - PUBLICATION, DISTRIBUTION, ETC. (IMPRINT)
Place of publication London
Name of publisher FEP
Year of publication 1974
942 ## - ADDED ENTRY ELEMENTS (KOHA)
Koha item type Books
Holdings
Withdrawn status Lost status Damaged status Not for loan Home library Current library Date acquired Cost, normal purchase price Full call number Accession Number Koha item type
        RRII Library RRII Library 16/12/2021 50.00 91(038) BUC 12719 Books